Kỷ yếu hội thảo khoa học đào tạo và nghiên cứu khoa học ở đồng bằng sồng Cửu Long - Hội nhập và phát triển bền vững 2 Khoa học và công nghệ
Nội dung của quyển kỷ yếu hội thảo khoa học này là những thông tin về thực trạng và giải pháp để nâng cao chất lượng đào tạo và nghiên cứu khoa học ở ĐBSCL, trao đổi kinh nghiệm và thảo luận các kết quả nghiên cứu trong lĩnh vực kinh tế,...
Saved in:
| Format: | Book |
|---|---|
| Language: | Vietnamese |
| Published: |
Cần Thơ
Đại học Cần Thơ
2015
|
| Subjects: | |
| Tags: |
Add Tag
No Tags, Be the first to tag this record!
|
| Institutions: | Thư viện Trường Đại học Nam Cần Thơ |
|---|
| LEADER | 01305nam a22001937a 4500 | ||
|---|---|---|---|
| 001 | NCT_150541 | ||
| 008 | 230601b xxu||||| |||| 00| 0 vie d | ||
| 999 | |c 7779 |d 7779 | ||
| 020 | |a 9786049195044 | ||
| 082 | 0 | 4 | |2 23rd ed. |a 630 |b K600Y/P.2 |
| 245 | 0 | 0 | |a Kỷ yếu hội thảo khoa học đào tạo và nghiên cứu khoa học ở đồng bằng sồng Cửu Long - Hội nhập và phát triển bền vững |n 2 |p Khoa học và công nghệ |
| 260 | |a Cần Thơ |b Đại học Cần Thơ |c 2015 | ||
| 300 | |a 358 tr. |b minh họa |c 27cm | ||
| 500 | |a ĐTTS ghi: Trường Đại học Tây Đô | ||
| 520 | 3 | |a Nội dung của quyển kỷ yếu hội thảo khoa học này là những thông tin về thực trạng và giải pháp để nâng cao chất lượng đào tạo và nghiên cứu khoa học ở ĐBSCL, trao đổi kinh nghiệm và thảo luận các kết quả nghiên cứu trong lĩnh vực kinh tế, xã hội, giáo dục,... | |
| 653 | |a Tham khảo | ||
| 942 | |2 ddc |c BK | ||
| 952 | |0 0 |1 0 |2 ddc |4 0 |6 630_000000000000000_K600Y_P_2 |7 0 |9 27764 |a 000001 |b 000001 |d 2023-06-01 |o 630 K600Y/P.2 |p TK.03390 |r 2023-06-01 |w 2023-06-01 |y BK | ||
| 980 | |a Thư viện Trường Đại học Nam Cần Thơ | ||


